For the Love of a son (Record no. 324852)

000 -LEADER
fixed length control field 00361 a2200133 4500
001 - CONTROL NUMBER
control field 89779
003 - CONTROL NUMBER IDENTIFIER
control field NUST
082 ## - DEWEY DECIMAL CLASSIFICATION NUMBER
Classification number 958.1041092 SAS
100 ## - MAIN ENTRY--PERSONAL NAME
Personal name Sasson Jean
9 (RLIN) 9820
245 ## - TITLE STATEMENT
Title For the Love of a son
Remainder of title One Afghan woman's quest for her Stolen child
260 ## - PUBLICATION, DISTRIBUTION, ETC.
Place of publication, distribution, etc. London
Name of publisher, distributor, etc. Bantam House
Date of publication, distribution, etc. 2010
300 ## - PHYSICAL DESCRIPTION
Extent 460p.
500 ## - GENERAL NOTE
General note General Books
942 ## - ADDED ENTRY ELEMENTS (KOHA)
Institution code [OBSOLETE] CAE NUST
Koha item type Book
Call number prefix 958.1041092 SAS
Source of classification or shelving scheme
Holdings
Withdrawn status Lost status Damaged status Not for loan Collection code Permanent Location Current Location Date acquired Total Checkouts Full call number Barcode Date last seen Price effective from Koha item type
          College of Aeronautical Engineering (CAE) College of Aeronautical Engineering (CAE) 04/03/2017   958.1041092 SAS CAE86121 04/05/2017 04/05/2017 Book
© 2023 Central Library, National University of Sciences and Technology. All Rights Reserved.